Liechtenstein True or False - Statistics

General Stats
  • This quiz has been taken 43 times
  • The average score is 8 of 10
Answer Stats
Hint Explanation Answer % Correct
Is in Asia Is In Europe False
100%
Is in the Alps True True
100%
Borders Switzerland True True
94%
Is double-landlocked True True
91%
Borders 3 countries Borders 2 Countries False
88%
Once went to war with 81 soldiers and came back with 82 True True
88%
Official language is Swiss Is German False
71%
Is the world largest producer in false teeth True True
62%
You can rent Liechtenstein for a night Only $70,000 a night True
59%
Has the worlds highest GDP per capita Is #2 after Monaco False
50%
No matching quizzes found
Score Distribution
Percent of People with Each Score
Percentile by Number Answered
Your Score History
You have not taken this quiz